[Event "4NCL Division 1b"]
[Site "Birmingham, ENG ENG"]
[Date "2015.11.15"]
[Round "2.151"]
[White "Therrien, Alex L"]
[Black "Sadler, Matthew D"]
[Result "0-1"]
[WhiteElo "2250"]
[BlackElo "2659"]
[PlyCount "70"]
[EventDate "2015.11.15"]
[WhiteTeam "Sussex Martlets 1"]
[BlackTeam "Guildford 1"]

1. d4 Nf6 2. c4 e6 3. Nf3 Bb4+ 4. Bd2 c5 5. g3 O-O 6. Bg2 d5 7. cxd5 exd5 8.
Bxb4 cxb4 9. O-O Bf5 10. Nbd2 Nc6 11. Nb3 Qd6 12. Rc1 b6 13. Qd2 Ne4 14. Qf4
Qxf4 15. gxf4 Rfc8 16. e3 Ne7 17. Rxc8+ Rxc8 18. Rc1 Rxc1+ 19. Nxc1 f6 20. Kf1
Kf7 21. Ke1 Nd6 22. Nd2 a5 23. Ke2 Ke6 24. f3 Bc2 25. e4 f5 26. e5 Nb5 27. Ke3
Nc6 28. Bf1 Nbxd4 29. b3 Ke7 30. Ba6 Ne6 31. Bd3 Bxd3 32. Nxd3 Ncd4 33. Nf1 Nb5
34. Ng3 g6 35. Kd2 Nc3 0-1

[Event "4NCL Division 1b"]
[Site "Birmingham, ENG ENG"]
[Date "2015.11.15"]
[Round "2.152"]
[White "Van Kampen, Robin"]
[Black "Salimbeni, George P W"]
[Result "1-0"]
[WhiteElo "2617"]
[BlackElo "2111"]
[PlyCount "69"]
[EventDate "2015.11.15"]
[WhiteTeam "Guildford 1"]
[BlackTeam "Sussex Martlets 1"]

1. e4 e5 2. Nf3 Nc6 3. Bb5 a6 4. Ba4 Nf6 5. O-O Be7 6. Re1 b5 7. Bb3 d6 8. c3
O-O 9. h3 Bb7 10. d4 Re8 11. Nbd2 Bf8 12. a3 Qd7 13. Ba2 Nd8 14. Qc2 a5 15.
dxe5 dxe5 16. Nf1 c5 17. Bg5 Ra6 18. Rad1 Qc7 19. a4 b4 20. Bc4 Rd6 21. Rxd6
Qxd6 22. Ng3 h6 23. Nf5 Qb6 24. Bxf6 Qxf6 25. Ne3 h5 26. Rd1 Ne6 27. Bb5 Re7
28. h4 Nf4 29. Ng5 Qg6 30. Bc4 Ba6 31. cxb4 cxb4 32. g3 Rc7 33. gxf4 exf4 34.
Kf1 Qf6 35. e5 1-0

[Event "4NCL Division 1b"]
[Site "Birmingham, ENG ENG"]
[Date "2015.11.15"]
[Round "2.153"]
[White "Cumming, Rhys"]
[Black "Pert, Nicholas"]
[Result "0-1"]
[WhiteElo "2135"]
[BlackElo "2569"]
[PlyCount "62"]
[EventDate "2015.11.15"]
[WhiteTeam "Sussex Martlets 1"]
[BlackTeam "Guildford 1"]

1. d4 Nf6 2. c4 e6 3. Nc3 Bb4 4. e3 O-O 5. Nge2 Re8 6. a3 Bf8 7. d5 a5 8. Ng3
Na6 9. Be2 Nc5 10. e4 d6 11. Be3 b6 12. O-O g6 13. h3 Bg7 14. Qc2 h5 15. Rfd1
exd5 16. Bxc5 bxc5 17. exd5 Bd7 18. a4 h4 19. Nf1 Qe7 20. Re1 Bf5 21. Qd2 Ne4
22. Nxe4 Qxe4 23. Ne3 Qf4 24. Bd3 Bd7 25. Re2 Be5 26. Nf1 Qxd2 27. Nxd2 Bxb2
28. Rxe8+ Rxe8 29. Rb1 Bc3 30. Ne4 Bd4 31. Rb7 Bf5 0-1

[Event "4NCL Division 1b"]
[Site "Birmingham, ENG ENG"]
[Date "2015.11.15"]
[Round "2.154"]
[White "Zhou, Yang-Fan"]
[Black "Grant, David J"]
[Result "1-0"]
[WhiteElo "2455"]
[BlackElo "2101"]
[PlyCount "75"]
[EventDate "2015.11.15"]
[WhiteTeam "Guildford 1"]
[BlackTeam "Sussex Martlets 1"]

1. e4 c5 2. Nf3 d6 3. Bc4 Nf6 4. d3 Nc6 5. c3 e6 6. Bb3 Be7 7. O-O O-O 8. Re1
e5 9. Nbd2 Na5 10. Bc2 b5 11. Nf1 Re8 12. Ng3 g6 13. d4 Qc7 14. h3 cxd4 15.
cxd4 Bb7 16. Bd3 a6 17. a4 Bc6 18. Bd2 bxa4 19. Qc2 Nb3 20. d5 Rec8 21. dxc6
Nxa1 22. Rxa1 Qxc6 23. Qxa4 Nd7 24. Qxc6 Rxc6 25. b4 Rb6 26. Nf1 d5 27. Ne3
dxe4 28. Bxe4 Rab8 29. Nd5 Re6 30. Nxe7+ Rxe7 31. Rxa6 Nb6 32. Be3 Nc4 33. Bc5
Rd7 34. Ra1 Rc8 35. Bc2 Kg7 36. Bb3 Nd2 37. Nxd2 Rxd2 38. Ra7 1-0

[Event "4NCL Division 1b"]
[Site "Birmingham, ENG ENG"]
[Date "2015.11.15"]
[Round "2.155"]
[White "Hoare, Amy B"]
[Black "Smerdon, David C"]
[Result "0-1"]
[WhiteElo "2102"]
[BlackElo "2520"]
[PlyCount "90"]
[EventDate "2015.11.15"]
[WhiteTeam "Sussex Martlets 1"]
[BlackTeam "Guildford 1"]

1. e4 c5 2. c3 d5 3. exd5 Qxd5 4. d4 Nc6 5. Nf3 Bf5 6. Be3 Nf6 7. Na3 cxd4 8.
Nxd4 Nxd4 9. Qxd4 Qxd4 10. Bxd4 e5 11. Bxe5 Bxa3 12. bxa3 O-O-O 13. f4 Rhe8 14.
Bb5 Bd7 15. Bxd7+ Nxd7 16. O-O Nxe5 17. fxe5 Re7 18. Rae1 Rd5 19. Re4 h6 20.
Ref4 Rdd7 21. a4 Kc7 22. h3 Kc6 23. Rg4 g6 24. Rgf4 Kd5 25. Re1 h5 26. g4 hxg4
27. hxg4 Kc5 28. Rb1 a6 29. Rxf7 Rxf7 30. e6 b6 31. exf7 Rxf7 32. Rf1 Rxf1+ 33.
Kxf1 Kc4 34. Ke2 Kxc3 35. Ke3 Kb2 36. Kf4 Kxa2 37. Kg5 b5 38. axb5 axb5 39.
Kxg6 b4 40. Kf7 b3 41. g5 b2 42. g6 b1=Q 43. g7 Qf5+ 44. Ke7 Qg6 45. Kf8 Qf6+
0-1

[Event "4NCL Division 1b"]
[Site "Birmingham, ENG ENG"]
[Date "2015.11.15"]
[Round "2.156"]
[White "Stefanova, Antoaneta"]
[Black "Willson, Ollie"]
[Result "1-0"]
[WhiteElo "2519"]
[BlackElo "2050"]
[PlyCount "79"]
[EventDate "2015.11.15"]
[WhiteTeam "Guildford 1"]
[BlackTeam "Sussex Martlets 1"]

1. d4 Nf6 2. Bf4 g6 3. Nc3 d5 4. Qd2 Bg7 5. Bh6 O-O 6. Bxg7 Kxg7 7. O-O-O c6 8.
f3 Nbd7 9. e4 Nb6 10. e5 Ne8 11. g4 f5 12. h4 h6 13. h5 g5 14. f4 gxf4 15. gxf5
Bxf5 16. Nf3 Kh7 17. Nh4 Ng7 18. Bd3 Nc4 19. Qg2 Ne3 20. Bxf5+ Nexf5 21. Qg6+
Kh8 22. Rdg1 Qe8 23. Qg4 Kh7 24. Ng6 Rg8 25. Ne2 e6 26. Ngxf4 Rc8 27. c3 b6 28.
Qg6+ Qxg6 29. hxg6+ Kh8 30. Ng3 Rge8 31. Nxf5 Nxf5 32. g7+ Kg8 33. Rg6 c5 34.
dxc5 d4 35. Rhg1 dxc3 36. bxc3 Rxc5 37. Nh5 Rxc3+ 38. Kb2 Rcc8 39. Nf6+ Kf7 40.
Nxe8 1-0

[Event "4NCL Division 1b"]
[Site "Birmingham, ENG ENG"]
[Date "2015.11.15"]
[Round "2.158"]
[White "Flear, Glenn C"]
[Black "Howell, Chris I"]
[Result "1-0"]
[WhiteElo "2457"]
[BlackElo "2057"]
[PlyCount "31"]
[EventDate "2015.11.15"]
[WhiteTeam "Guildford 1"]
[BlackTeam "Sussex Martlets 1"]

1. d4 Nf6 2. c4 g6 3. Nc3 Bg7 4. e4 d6 5. Be2 O-O 6. Bg5 a6 7. Nf3 Qe8 8. e5
dxe5 9. dxe5 Ng4 10. Nd5 Nxe5 11. Nxc7 Qc6 12. Nxa8 Qc5 13. Be3 Nxf3+ 14. Bxf3
Qxc4 15. Qe2 Qb4+ 16. Qd2 1-0

[Event "4NCL Division 1b"]
[Site "Birmingham, ENG ENG"]
[Date "2015.11.15"]
[Round "2.161"]
[White "Roberson, Peter T"]
[Black "Haria, Ravi"]
[Result "1/2-1/2"]
[WhiteElo "2408"]
[BlackElo "2445"]
[PlyCount "54"]
[EventDate "2015.11.15"]
[WhiteTeam "Grantham Sharks 1"]
[BlackTeam "Cambridge University 1"]

1. e4 e6 2. d4 d5 3. Nd2 Nc6 4. Ngf3 Nf6 5. e5 Nd7 6. Nb3 a5 7. a4 b6 8. h4 h6
9. h5 Qe7 10. c3 Bb7 11. Bd3 O-O-O 12. Qe2 Qe8 13. Bd2 f6 14. O-O-O fxe5 15.
Bg6 Qe7 16. dxe5 Ncb8 17. Rh4 Ba6 18. Qe3 Bc4 19. Nbd4 Nc5 20. Rf4 Qd7 21. Bc2
Nxa4 22. Nxe6 Qb5 23. Bxa4 Qxa4 24. Nxd8 Qa1+ 25. Kc2 Qa4+ 26. Kc1 Qa1+ 27. Kc2
Qa4+ 1/2-1/2

[Event "4NCL Division 1b"]
[Site "Birmingham, ENG ENG"]
[Date "2015.11.15"]
[Round "2.162"]
[White "Esserman, Marc"]
[Black "Ghasi, Ameet K"]
[Result "1-0"]
[WhiteElo "2408"]
[BlackElo "2469"]
[PlyCount "88"]
[EventDate "2015.11.15"]
[WhiteTeam "Cambridge University 1"]
[BlackTeam "Grantham Sharks 1"]

1. e4 g6 2. d4 d6 3. c4 Nf6 4. Nc3 Bg7 5. Nf3 O-O 6. Be2 Nbd7 7. O-O e5 8. Re1
Qe7 9. Bf1 c6 10. d5 c5 11. a3 h6 12. g3 Ne8 13. Nh4 Kh7 14. Rb1 Bf6 15. Nf3
Bg7 16. Qc2 b6 17. Bd2 Qd8 18. b4 a5 19. bxa5 Rxa5 20. a4 Ra6 21. Nb5 Ndf6 22.
Nh4 Nh5 23. h3 Bf6 24. Nf3 Bd7 25. Kh2 Be7 26. Bd3 Qc8 27. Ng1 f5 28. exf5 Bxf5
29. Bxf5 gxf5 30. Ne2 Nhf6 31. Nf4 Ng7 32. Ne6 Nxe6 33. Qxf5+ Kg7 34. dxe6 Rxa4
35. Ra1 Rxc4 36. Ra7 Ng4+ 37. hxg4 Rxf5 38. gxf5 Kf6 39. Nxd6 Qg8 40. Rxe7 Rh4+
41. gxh4 Kxe7 42. Ne4 Qf8 43. Ng3 Qa8 44. Bxh6 Qf3 1-0

[Event "4NCL Division 1b"]
[Site "Birmingham, ENG ENG"]
[Date "2015.11.15"]
[Round "2.163"]
[White "Rendle, Thomas E"]
[Black "Wallace, John Paul"]
[Result "1-0"]
[WhiteElo "2369"]
[BlackElo "2390"]
[PlyCount "99"]
[EventDate "2015.11.15"]
[WhiteTeam "Grantham Sharks 1"]
[BlackTeam "Cambridge University 1"]

1. e4 c5 2. Nf3 e6 3. g3 Nc6 4. Bg2 Nf6 5. Qe2 Be7 6. O-O O-O 7. c3 a6 8. d4
cxd4 9. cxd4 d5 10. e5 Nd7 11. h4 b5 12. Bg5 b4 13. Nbd2 a5 14. Rfc1 Ba6 15.
Qe3 Rc8 16. Bh3 Nb6 17. b3 Qd7 18. Nh2 Kh8 19. Ndf3 Rc7 20. Ng4 Rfc8 21. Bf1
Bxf1 22. Rxf1 Rf8 23. Rae1 Nd8 24. Qf4 Qb5 25. Re3 Qc6 26. Ne1 f6 27. exf6 gxf6
28. Bh6 Rf7 29. Nd3 Bd6 30. Qf3 Nd7 31. Rfe1 e5 32. Qf5 e4 33. Nf4 Nb6 34. Nh5
Qd7 35. Qxd7 Nxd7 36. Bf4 Nb7 37. Nh6 Rf8 38. Nf5 Rc6 39. Bh6 Rg8 40. Bg7+ Rxg7
41. Nhxg7 Bf8 42. Nh5 Nd6 43. g4 Nxf5 44. gxf5 Kg8 45. Nf4 Nb6 46. Ne6 Rc2 47.
f3 Bh6 48. R3e2 Bd2 49. fxe4 dxe4 50. Rg2+ 1-0

[Event "4NCL Division 1b"]
[Site "Birmingham, ENG ENG"]
[Date "2015.11.15"]
[Round "2.164"]
[White "Young, Gregory"]
[Black "Batchelor, Peter J"]
[Result "1/2-1/2"]
[WhiteElo "2385"]
[BlackElo "2311"]
[PlyCount "132"]
[EventDate "2015.11.15"]
[WhiteTeam "Cambridge University 1"]
[BlackTeam "Grantham Sharks 1"]

1. e4 c6 2. d4 d5 3. exd5 cxd5 4. c4 Nf6 5. Nc3 Nc6 6. Nf3 Bg4 7. cxd5 Nxd5 8.
Qb3 Bxf3 9. gxf3 e6 10. Qxb7 Nxd4 11. Bb5+ Nxb5 12. Qc6+ Ke7 13. Qxb5 Qd7 14.
Nxd5+ Qxd5 15. Qxd5 exd5 16. Bf4 Ke6 17. O-O-O Rc8+ 18. Kb1 Bc5 19. Rhe1+ Kf5
20. Bg3 d4 21. Re5+ Kf6 22. Rde1 g5 23. f4 h6 24. fxg5+ hxg5 25. f4 gxf4 26.
Bxf4 Bb6 27. h4 d3 28. Rd5 Bf2 29. Rf1 Bxh4 30. Rxd3 Rh5 31. Rh3 Kg6 32. Rg1+
Kf5 33. Be3 a5 34. Bd2 a4 35. Rf1+ Kg6 36. Rg1+ Kf5 37. Rf3+ Ke6 38. Rh1 Rc4
39. Rfh3 Kf5 40. a3 Rg4 41. Kc1 Kg6 42. Kd1 f6 43. R3h2 Rd4 44. Kc2 Rc5+ 45.
Bc3 Bg5 46. Rf1 Rd6 47. Rh8 Bd2 48. Rg8+ Kf7 49. Rg4 Bxc3 50. bxc3 Ra6 51. Rff4
Rac6 52. Rf3 Ra6 53. Rb4 f5 54. c4 Kf6 55. Kc3 Kg5 56. Rb5 Rac6 57. Rxc5 Rxc5
58. Kb4 Rc8 59. Rc3 f4 60. Kxa4 Kg4 61. c5 f3 62. Kb5 f2 63. Rc1 Rb8+ 64. Ka4
Ra8+ 65. Kb4 Rb8+ 66. Ka4 Ra8+ 1/2-1/2

[Event "4NCL Division 1b"]
[Site "Birmingham, ENG ENG"]
[Date "2015.11.15"]
[Round "2.165"]
[White "Foisor, Mihaela-Veronica"]
[Black "Bisby, Daniel L"]
[Result "1-0"]
[WhiteElo "2240"]
[BlackElo "2305"]
[PlyCount "87"]
[EventDate "2015.11.15"]
[WhiteTeam "Grantham Sharks 1"]
[BlackTeam "Cambridge University 1"]

1. d4 Nf6 2. c4 g6 3. Nc3 Bg7 4. Nf3 d6 5. Bg5 c6 6. e3 Qa5 7. Bd3 Bg4 8. Bh4
Qh5 9. Bg3 Bxf3 10. gxf3 c5 11. Be2 cxd4 12. Nb5 O-O 13. Nxd4 Nc6 14. O-O Nd7
15. Nxc6 bxc6 16. Rb1 Qa5 17. a3 Rab8 18. Qc2 Rb7 19. Rfd1 Rfb8 20. b4 Qxa3 21.
c5 Rxb4 22. Rxb4 Qxb4 23. cxd6 exd6 24. Rxd6 Qe1+ 25. Kg2 Rb2 26. Qxc6 Nf8 27.
Bc4 Qa5 28. Qc8 Rb4 29. Bd5 Rb5 30. e4 h5 31. Qe8 Rxd5 32. exd5 Qc3 33. Rd7 Qf6
34. Rxa7 g5 35. d6 h4 36. d7 h3+ 37. Kf1 Qd4 38. d8=Q Qxa7 39. Qxg5 Qa6+ 40.
Qe2 Qa1+ 41. Qe1 Qa6+ 42. Kg1 Ne6 43. Qg4 Qc6 44. Be5 1-0

[Event "4NCL Division 1b"]
[Site "Birmingham, ENG ENG"]
[Date "2015.11.15"]
[Round "2.166"]
[White "Karayiannis, Costas"]
[Black "Cumbers, Paul"]
[Result "0-1"]
[WhiteElo "2172"]
[BlackElo "2170"]
[PlyCount "72"]
[EventDate "2015.11.15"]
[WhiteTeam "Cambridge University 1"]
[BlackTeam "Grantham Sharks 1"]

1. d4 Nf6 2. c4 c5 3. d5 e6 4. Nc3 exd5 5. cxd5 d6 6. e4 g6 7. Nge2 Bg7 8. Ng3
O-O 9. Be2 a6 10. a4 Nbd7 11. O-O Re8 12. f3 Nh5 13. Nxh5 gxh5 14. Bf4 Qf6 15.
Qd2 h6 16. Kh1 h4 17. Rae1 Rb8 18. h3 Ne5 19. Bh2 Ng6 20. f4 Qd4 21. Qc1 f5 22.
Bh5 Kh7 23. Qc2 Rf8 24. e5 b5 25. Bg1 Qc4 26. Bxg6+ Kxg6 27. axb5 Rxb5 28. Qf2
Rb3 29. Re2 Bd7 30. Rfe1 Kh7 31. Qxh4 Bb5 32. e6 Bxc3 33. bxc3 Qxc3 34. Re3 Qc4
35. Qe7+ Kg8 36. Rg3+ Rxg3 0-1

[Event "4NCL Division 1b"]
[Site "Birmingham, ENG ENG"]
[Date "2015.11.15"]
[Round "2.167"]
[White "Bremner, Adam"]
[Black "Brau, Julio"]
[Result "1-0"]
[WhiteElo "2183"]
[BlackElo "2071"]
[PlyCount "39"]
[EventDate "2015.11.15"]
[WhiteTeam "Grantham Sharks 1"]
[BlackTeam "Cambridge University 1"]

1. d4 Nf6 2. c4 e6 3. Nc3 Bb4 4. e3 O-O 5. Bd3 d5 6. Nge2 c5 7. cxd5 Nxd5 8.
O-O Nc6 9. Nxd5 exd5 10. dxc5 Ne5 11. Bb1 b6 12. Nf4 Ba6 13. Qh5 Ng6 14. Rd1
Rc8 15. cxb6 Rc5 16. Bf5 Qxb6 17. a3 Ra5 18. Nxd5 Qd6 19. e4 Bc5 20. Bf4 1-0

[Event "4NCL Division 1b"]
[Site "Birmingham, ENG ENG"]
[Date "2015.11.15"]
[Round "2.168"]
[White "Needham, Sabrina"]
[Black "Milson, Samuel A"]
[Result "0-1"]
[WhiteElo "1757"]
[BlackElo "2110"]
[PlyCount "74"]
[EventDate "2015.11.15"]
[WhiteTeam "Cambridge University 1"]
[BlackTeam "Grantham Sharks 1"]

1. c4 e5 2. Nc3 Nc6 3. g3 f5 4. Bg2 Nf6 5. e3 Nb4 6. d3 c6 7. a3 Na6 8. Nge2 d5
9. cxd5 cxd5 10. d4 e4 11. h4 Nc7 12. Bd2 Be7 13. Nf4 O-O 14. Kf1 b6 15. Kg1
Bd6 16. Nh3 Qe8 17. Bf1 Ne6 18. Nb5 Be7 19. Bb4 Bxb4 20. axb4 f4 21. exf4 e3
22. f3 Qg6 23. Kh2 Nh5 24. Rg1 Qf6 25. Bd3 Nexf4 26. gxf4 Qxh4 27. f5 Nf4 28.
Rg3 e2 29. Qd2 Nxh3 30. Rxh3 Qf2+ 31. Kh1 Bxf5 32. Bxf5 Qf1+ 33. Kh2 Rxf5 34.
Qe1 Rxf3 35. Rxf3 Qxf3 36. Ra3 Qf1 37. Ra1 Rf8 0-1

[Event "4NCL Division 1b"]
[Site "Birmingham, ENG ENG"]
[Date "2015.11.15"]
[Round "2.171"]
[White "Sanders, Isaac B"]
[Black "Gormally, Daniel W"]
[Result "1/2-1/2"]
[WhiteElo "2326"]
[BlackElo "2504"]
[PlyCount "30"]
[EventDate "2015.11.15"]
[WhiteTeam "Barbican 4NCL 2"]
[BlackTeam "Blackthorne Russia"]

1. e4 c5 2. Nc3 Nc6 3. Bb5 Nd4 4. Bc4 Nf6 5. Nf3 d6 6. h3 e6 7. O-O Be7 8. d3
d5 9. Bb3 Nxb3 10. axb3 O-O 11. Bf4 b6 12. Re1 dxe4 13. dxe4 Qxd1 14. Rexd1 Bb7
15. Nd2 Rfd8 1/2-1/2

[Event "4NCL Division 1b"]
[Site "Birmingham, ENG ENG"]
[Date "2015.11.15"]
[Round "2.172"]
[White "Ansell, Simon T"]
[Black "Franklin, Samuel G A"]
[Result "1/2-1/2"]
[WhiteElo "2358"]
[BlackElo "2301"]
[PlyCount "120"]
[EventDate "2015.11.15"]
[WhiteTeam "Blackthorne Russia"]
[BlackTeam "Barbican 4NCL 2"]

1. e4 e5 2. Nf3 Nc6 3. d4 exd4 4. Nxd4 Bc5 5. Nxc6 Qf6 6. Qf3 bxc6 7. Nc3 d6 8.
Bc4 Be6 9. Bb3 Qxf3 10. gxf3 Ne7 11. Be3 Bb6 12. O-O-O O-O 13. Rhe1 Bxe3+ 14.
fxe3 Bxb3 15. axb3 Ng6 16. f4 f5 17. Rd4 fxe4 18. Rxe4 Rae8 19. Rxe8 Rxe8 20.
Kd2 Nh4 21. Kd3 Nf3 22. Re2 d5 23. Rf2 Nh4 24. e4 dxe4+ 25. Nxe4 Nf5 26. Ng3
Nd6 27. Rf1 Rd8 28. Ke3 c5 29. Ra1 c4 30. b4 Nb5 31. c3 Re8+ 32. Kf3 Rd8 33.
Re1 Rd2 34. Re2 Rd3+ 35. Kg4 Kf7 36. Re5 a6 37. Rc5 Rd2 38. Rxc4 Rxb2 39. Rc6
Rxh2 40. c4 Nd4 41. Rxc7+ Kf8 42. Rd7 Nc6 43. b5 axb5 44. cxb5 Na5 45. Ne4 Nc4
46. Ng5 Rb2 47. Ne6+ Ke8 48. Rxg7 Rxb5 49. Nc7+ Kf8 50. Ne6+ Ke8 51. Rxh7 Ra5
52. Ng7+ Kf7 53. Nf5+ Kg6 54. Rh6+ Kf7 55. Rc6 Ne5+ 56. fxe5 Rxe5 57. Kg5 Re1
58. Rc7+ Ke8 59. Kf6 Kd8 60. Re7 Rxe7 1/2-1/2

[Event "4NCL Division 1b"]
[Site "Birmingham, ENG ENG"]
[Date "2015.11.15"]
[Round "2.173"]
[White "Buchicchio, Giampaolo"]
[Black "Ledger, Andrew J"]
[Result "0-1"]
[WhiteElo "2334"]
[BlackElo "2387"]
[PlyCount "94"]
[EventDate "2015.11.15"]
[WhiteTeam "Barbican 4NCL 2"]
[BlackTeam "Blackthorne Russia"]

1. e4 c6 2. Nc3 d5 3. Nf3 Bg4 4. h3 Bxf3 5. Qxf3 e6 6. d4 dxe4 7. Qxe4 Nf6 8.
Qh4 Be7 9. Bd2 O-O 10. Bd3 Nbd7 11. O-O-O g6 12. Qh6 Nb6 13. Ne2 Re8 14. h4 Ng4
15. Qf4 h5 16. g3 e5 17. dxe5 Nd5 18. Qd4 Qb6 19. e6 Qxd4 20. exf7+ Kxf7 21.
Nxd4 Bf6 22. c4 Nxf2 23. Rhf1 Nxd3+ 24. Kc2 N5b4+ 25. Kb3 a5 26. Bg5 Nc5+ 27.
Ka3 Ne4 28. Rf3 Rad8 29. Bxf6 Nxf6 30. Rdf1 Rxd4 31. Rxf6+ Kg7 32. Rf7+ Kh6 33.
Rxb7 Rxc4 34. Rff7 Rh8 35. Ka4 Nd5+ 36. Kxa5 Ra8+ 37. Ra7 Rxa7+ 38. Rxa7 Rc2
39. Rb7 Ne3 40. Rb3 Nc4+ 41. Kb4 Nxb2 42. Rf3 Nd1 43. a4 c5+ 44. Kb3 Rb2+ 45.
Ka3 c4 46. a5 Rb1 47. Rf4 Rb3+ 0-1

[Event "4NCL Division 1b"]
[Site "Birmingham, ENG ENG"]
[Date "2015.11.15"]
[Round "2.175"]
[White "Taylor, Martin R"]
[Black "Bates, Richard A"]
[Result "0-1"]
[WhiteElo "2325"]
[BlackElo "2327"]
[PlyCount "58"]
[EventDate "2015.11.15"]
[WhiteTeam "Barbican 4NCL 2"]
[BlackTeam "Blackthorne Russia"]

1. d4 g6 2. c4 Nf6 3. Nc3 Bg7 4. e4 d6 5. f3 O-O 6. Be3 c5 7. Nge2 Nc6 8. d5
Ne5 9. Ng3 h5 10. Be2 h4 11. Nf1 e6 12. f4 Nxc4 13. Bxc4 b5 14. Bxb5 exd5 15.
e5 Ng4 16. Qxd5 Rb8 17. O-O-O Qa5 18. Qxd6 Rxb5 19. Nxb5 Qxb5 20. h3 Qc4+ 21.
Kd2 Qb4+ 22. Kc1 Nxe3 23. Nxe3 Qxf4 24. Qxc5 Bh6 25. Rhe1 Bf5 26. Re2 Qe4 27.
Kd2 Rc8 28. Qa3 Bf8 29. Nd5 Rc2+ 0-1

[Event "4NCL Division 1b"]
[Site "Birmingham, ENG ENG"]
[Date "2015.11.15"]
[Round "2.176"]
[White "Webb, Laurence E"]
[Black "Dorrington, Chris J"]
[Result "1/2-1/2"]
[WhiteElo "2297"]
[BlackElo "2329"]
[PlyCount "41"]
[EventDate "2015.11.15"]
[WhiteTeam "Blackthorne Russia"]
[BlackTeam "Barbican 4NCL 2"]

1. e4 c5 2. Nf3 e6 3. c3 Nf6 4. Bd3 d5 5. e5 Nfd7 6. Bc2 d4 7. O-O Nc6 8. Qe2
g5 9. d3 g4 10. Ng5 Ndxe5 11. f4 gxf3 12. Nxf3 Bg7 13. Nbd2 Qe7 14. cxd4 Nxf3+
15. Nxf3 cxd4 16. Ng5 O-O 17. Qh5 h6 18. Nh3 Kh7 19. Ng5+ Kg8 20. Nh3 Kh7 21.
Ng5+ 1/2-1/2

[Event "4NCL Division 1b"]
[Site "Birmingham, ENG ENG"]
[Date "2015.11.15"]
[Round "2.177"]
[White "Regan, Natasha K"]
[Black "Ledger, Dave J"]
[Result "1/2-1/2"]
[WhiteElo "2052"]
[BlackElo "2226"]
[PlyCount "47"]
[EventDate "2015.11.15"]
[WhiteTeam "Barbican 4NCL 2"]
[BlackTeam "Blackthorne Russia"]

1. Nf3 Nf6 2. c4 d6 3. g3 g6 4. b4 e5 5. Bb2 Bg7 6. d3 Bg4 7. Bg2 Qc8 8. h3 Bd7
9. c5 O-O 10. Nbd2 dxc5 11. bxc5 Na6 12. Rc1 Be6 13. c6 Bd5 14. cxb7 Qxb7 15.
Bxe5 Rfe8 16. Rb1 Qc6 17. a3 Rad8 18. O-O Qa8 19. d4 c5 20. Qa4 Nb8 21. Bxb8
Rxb8 22. Rxb8 Qxb8 23. dxc5 Rxe2 24. Qd1 1/2-1/2

[Event "4NCL Division 1b"]
[Site "Birmingham, ENG ENG"]
[Date "2015.11.15"]
[Round "2.181"]
[White "Palliser, Richard J D"]
[Black "Chow, Sam"]
[Result "1/2-1/2"]
[WhiteElo "2426"]
[BlackElo "2307"]
[PlyCount "107"]
[EventDate "2015.11.15"]
[WhiteTeam "White Rose 1"]
[BlackTeam "South Wales Dragons"]

1. Nf3 Nf6 2. c4 g6 3. Nc3 d5 4. cxd5 Nxd5 5. Qc2 Nc6 6. d4 Bg7 7. e4 Nxc3 8.
bxc3 O-O 9. Rb1 b6 10. Be2 Bb7 11. h4 e5 12. d5 Nb8 13. h5 c6 14. hxg6 hxg6 15.
c4 Nd7 16. Ng5 cxd5 17. exd5 Nc5 18. Be3 Rc8 19. f3 Qe7 20. Kf2 Rfe8 21. Rh7
Nd7 22. Qe4 Nf6 23. Qh4 Nxh7 24. Qxh7+ Kf8 25. Rh1 e4 26. Nxe4 f5 27. Bh6 Qe5
28. Bxg7+ Qxg7 29. Qxg7+ Kxg7 30. Nd6 Ba6 31. Nxe8+ Rxe8 32. Re1 Kf6 33. g3 g5
34. a4 Rc8 35. a5 Bxc4 36. axb6 axb6 37. Bxc4 Rxc4 38. Re6+ Kg7 39. Rxb6 Rd4
40. Rb5 Kf6 41. Ke3 Rd1 42. Rb6+ Kf7 43. Rd6 Rg1 44. Kf2 Rd1 45. Ke3 Rg1 46.
Kf2 Rd1 47. f4 gxf4 48. gxf4 Ke7 49. Re6+ Kd7 50. Re5 Kd6 51. Rxf5 Rxd5 52.
Rf6+ Ke7 53. Ra6 Rd3 54. Ke2 1/2-1/2

[Event "4NCL Division 1b"]
[Site "Birmingham, ENG ENG"]
[Date "2015.11.15"]
[Round "2.182"]
[White "Cooper, John G"]
[Black "Adair, James R"]
[Result "0-1"]
[WhiteElo "2272"]
[BlackElo "2454"]
[PlyCount "68"]
[EventDate "2015.11.15"]
[WhiteTeam "South Wales Dragons"]
[BlackTeam "White Rose 1"]

1. d4 Nf6 2. c4 e6 3. Nc3 Bb4 4. e3 b6 5. Bd3 Bb7 6. Nf3 O-O 7. O-O d5 8. cxd5
exd5 9. a3 Bd6 10. b4 a6 11. Qb3 Qe7 12. Rb1 Nbd7 13. a4 c6 14. e4 Nxe4 15.
Nxe4 dxe4 16. Re1 Nf6 17. Bg5 Qc7 18. Bxf6 exf3 19. g3 gxf6 20. Bc2 Bc8 21.
Qxf3 f5 22. b5 axb5 23. axb5 Ra5 24. Bxf5 Rxb5 25. Bxh7+ Kg7 26. Rxb5 cxb5 27.
Bd3 f5 28. Bxb5 Bb7 29. Qe3 Qf7 30. d5 Bc5 31. Qg5+ Qg6 32. Qf4 Qh6 33. Qc7+
Rf7 34. Qd8 Qf6 0-1

[Event "4NCL Division 1b"]
[Site "Birmingham, ENG ENG"]
[Date "2015.11.15"]
[Round "2.183"]
[White "McNab, Colin A"]
[Black "Strugnell, Carl"]
[Result "1-0"]
[WhiteElo "2439"]
[BlackElo "2242"]
[PlyCount "110"]
[EventDate "2015.11.15"]
[WhiteTeam "White Rose 1"]
[BlackTeam "South Wales Dragons"]

1. c4 e5 2. Nc3 Nf6 3. Nf3 Nc6 4. e4 Bb4 5. d3 d6 6. g3 O-O 7. Bg2 a6 8. O-O
Bc5 9. h3 Rb8 10. a3 Ba7 11. b4 Bd7 12. Kh2 b5 13. cxb5 axb5 14. Nh4 Nd4 15. f4
exf4 16. Bxf4 Ne6 17. Bd2 g6 18. Bh6 Ng7 19. d4 Nfh5 20. Nf3 f5 21. exf5 gxf5
22. Bg5 Qe8 23. Nd5 Qf7 24. Nf4 Nxf4 25. Bxf4 Nh5 26. Nh4 Nxf4 27. Rxf4 Qg7 28.
Qd3 Kh8 29. Raf1 c6 30. Nxf5 Bxf5 31. Rxf5 Rxf5 32. Rxf5 d5 33. Rf4 Rg8 34. Rg4
Qf6 35. Rf4 Qg7 36. Qe3 Bb8 37. Rg4 Qf7 38. Rxg8+ Qxg8 39. Bf1 Qf7 40. Kg2 Bc7
41. Bd3 Bd8 42. Qh6 Bf6 43. Bxh7 Qg7 44. Qxg7+ Kxg7 45. Bf5 Bxd4 46. Bd7 c5 47.
Bxb5 c4 48. Bc6 c3 49. Ba4 Be5 50. Bc2 Bd6 51. h4 Be7 52. Kf3 Kf6 53. g4 Ke5
54. g5 Kd4 55. g6 Bf8 1-0

[Event "4NCL Division 1b"]
[Site "Birmingham, ENG ENG"]
[Date "2015.11.15"]
[Round "2.184"]
[White "Kett, Tim"]
[Black "Maroroa, Sue"]
[Result "0-1"]
[WhiteElo "2190"]
[BlackElo "2297"]
[PlyCount "79"]
[EventDate "2015.11.15"]
[WhiteTeam "South Wales Dragons"]
[BlackTeam "White Rose 1"]

1. d4 Nf6 2. Nc3 d5 3. Bg5 h6 4. Bxf6 exf6 5. e3 c6 6. Bd3 f5 7. Qf3 g6 8.
O-O-O Bd6 9. h3 h5 10. Nge2 Qg5 11. Nf4 Nd7 12. Nce2 Nb6 13. Kb1 Qh6 14. g3 g5
15. Nxh5 Qxh5 16. g4 Qh6 17. gxf5 Bd7 18. e4 dxe4 19. Qxe4+ Kd8 20. c4 Re8 21.
Qf3 Bf8 22. Nc3 Bg7 23. c5 Nd5 24. Nxd5 cxd5 25. Qxd5 Kc7 26. Qc4 Qf6 27. Rd2
Qxd4 28. Qxf7 Qf6 29. Qd5 Bc6 30. Qd6+ Qxd6 31. cxd6+ Kxd6 32. Be4+ Kc7 33.
Bxc6 bxc6 34. h4 gxh4 35. Rxh4 Rad8 36. Rxd8 Rxd8 37. Kc2 Bd4 38. Rf4 Bf6 39.
b3 Rd5 40. Ra4 0-1

[Event "4NCL Division 1b"]
[Site "Birmingham, ENG ENG"]
[Date "2015.11.15"]
[Round "2.185"]
[White "Webb, Matthew D"]
[Black "Williamson, Roger G"]
[Result "1-0"]
[WhiteElo "2208"]
[BlackElo "2188"]
[PlyCount "71"]
[EventDate "2015.11.15"]
[WhiteTeam "White Rose 1"]
[BlackTeam "South Wales Dragons"]

1. e4 e5 2. f4 Bc5 3. Nf3 d6 4. Nc3 Nc6 5. Bc4 Bg4 6. Na4 exf4 7. b4 Qf6 8. Bb2
Bd4 9. c3 Bxf3 10. Qxf3 Ne5 11. Qe2 Qh4+ 12. g3 fxg3 13. O-O-O Bb6 14. hxg3 Qg4
15. d4 Qg5+ 16. Kb1 Nxc4 17. Qxc4 Nf6 18. Nxb6 cxb6 19. e5 Qf5+ 20. Ka1 Ng4 21.
Rdf1 Qd7 22. exd6 O-O 23. Qd3 f5 24. c4 Qxd6 25. Rxf5 g6 26. Rxf8+ Rxf8 27. d5
Rf5 28. Re1 Qxb4 29. Qe4 Rf7 30. a3 Qd2 31. Qe8+ Rf8 32. Qe6+ Rf7 33. Rf1 Nf2
34. d6 g5 35. Qe5 Qxb2+ 36. Qxb2 1-0